000 00571nam a22002177a 4500
005 20170124110108.0
010 _aA-285300
020 _c00.00
_a0718100220
035 _aA-285300
037 _bCen Lib/Ret
040 _aDPL
_bEN
082 _aN
_bFOR
100 _aForester, C.S.
_9112876
245 _aThe Africal queen /
_cby C.S. Forester
260 _aLondon
_bMichael Joseph
_c1986
270 _bLondon
_a27 Wrights lane
300 _a183p.
_c21cm(Hb)
650 _aWomen missionaries
_928538
650 _aWar stories
_928539
942 _2ddc
_cEN
_hN
_mFOR
999 _c130187
_d130187